| 000 | 00421nam a2200157Ia 4500 | ||
|---|---|---|---|
| 003 | GCL | ||
| 008 | 140319s9999 xx 000 0 eng d | ||
| 040 |
_aGCL / _cGCL |
||
| 082 | 0 | 4 |
_a155.2 _bP P |
| 100 | 1 | _aPERVIN, LAWRENCE A. | |
| 245 | 1 | 0 |
_aPERSONALITY: THEORY AND RESEARCH / _cPERVIN, LAWRENCE A. |
| 260 |
_a[S.N] : _bJOHN WILEY AND SONS. INC ، _c1993 |
||
| 300 | _a563 | ||
| 650 | 0 | 4 | _aPERSONALITY |
| 942 |
_2ddc _cBK |
||
| 999 |
_c21426 _d21426 |
||